Αρχαία Ελεύθερνα : ανατολικός τομέας

Αποθηκεύτηκε σε:
Λεπτομέρειες βιβλιογραφικής εγγραφής
Κύριος συγγραφέας: Θέμελης, Πέτρος Γ.
Συγγραφή απο Οργανισμό/Αρχή: Υπουργείο Πολιτισμού. Ταμείο Αρχαιολογικών Πόρων και Απαλλοτριώσεων
Άλλοι συγγραφείς: Ζαφειροπούλου, Ντιάνα (Επιμελητής έκδοσης)
Μορφή: Βιβλίο
Γλώσσα:Greek
Δημοσίευση: Αθήνα : Ταμείο Αρχαιολογικών Πόρων και Απαλλοτριώσεων, 2002
Θέματα:
Ετικέτες: Προσθήκη ετικέτας
Δεν υπάρχουν, Καταχωρήστε ετικέτα πρώτοι!

MARC

LEADER 00000cam a2200000 i 4500
001 1/20133
008 120605s2002 gr | ||| |||| ||gre||
020 |a 960214033X 
035 |l 10112652 
040 |a GR-MY-UA  |b gre  |e aacr 
041 0 |a gre 
082 0 |a 938.28  |2 (22) 
100 1 |a Θέμελης, Πέτρος Γ. 
245 1 0 |a Αρχαία Ελεύθερνα :  |b ανατολικός τομέας /  |c Πέτρος Γ. Θέμελης ; γενική επιμέλεια: Ντιάνα Ζαφειροπούλου 
260 |a Αθήνα :   |b Ταμείο Αρχαιολογικών Πόρων και Απαλλοτριώσεων,   |c 2002 
300 |a 113 σ.;  |b εικ., χαρτ., φωτ.;  |c 27 εκ. 
504 |a Βιβλιογραφία: σ. 112-113 
650 0 0 |a Excavations (Archaeology)  |z Greece  |z Eleutherna (Extinct city) 
650 0 0 |a Pottery, Greek  |z Greece  |z Crete. 
650 0 0 |a Art, Hellenistic  |x Themes, motives. 
651 0 |a Crete (Greece)  |x Antiquities. 
700 1 |a Ζαφειροπούλου, Ντιάνα.  |4 edt 
710 2 |a Υπουργείο Πολιτισμού.   |b Ταμείο Αρχαιολογικών Πόρων και Απαλλοτριώσεων. 
852 |a INST  |b RHODES  |e 20120605  |h 938.28 ΘΕΜ  |p 005400034422  |q 005400034422  |t BK  |y 0 
901 |a BIBL4-2012-2 
909 |a Ρ  |b 171055 
970 |z 2012/06/05